000 00266nam a2200109Ia 4500
008 240625s9999 xx 000 0 und d
041 _aeng
082 _a658.15 CHA
100 _aCHANDRA PRASANNA
245 _aFINANCIAL MANAGEMENT THEORY AND PRACTICE
260 _c2011
999 _c35080
_d35080